000 00942cam a2200217 4500
001 WS124812
008 040109n 000 0 eng u
035 _a(Sirsi) u124812
110 _aCouncil for British Archaeology
_91099
245 _aCouncil for British Archaeology
520 _aWeb site for this organisation which promotes knowledge, appreciation and care of the historic environment. Includes details of the e-journal 'Internet Archaeology', page son their conservation work, factsheets on archaeology and a link to the Council for Scottish Archaeology.
650 _aORGANISATION
650 _aSCOTLAND
650 _aARCHAEOLOGY
650 _aCONSERVATION
650 _aHISTORIC ENVIRONMENT
650 _aJOURNALS
690 _aBUILT ENVIRONMENT-BUILDING MAINTENANCE AND REFURBISHMENT-BUILDING CONSERVATION
856 4 0 _uhttps://www.britarch.ac.uk
_zView the website free of charge at www.britarch.ac.uk...
942 _n0
999 _c120398
_d120398